Voiture de JDM #1 - Statistiques

Statistiques générales
  • Ce quiz a été pris 673 fois
  • Le résultat moyen est 11 sur 16
Statistiques - réponses
Par images Réponse % Correct
Toyota Supra
96%
Nissan 370Z
84%
Nissan Skyline R34
84%
Nissan 350Z
80%
Honda NSX
75%
Toyota GT86
74%
Mazda MX5
73%
Mazda MX5 miata
72%
Honda S2000
71%
Nissan Skyline R33
71%
Mazda RX8
68%
Subaru Impreza WRX STI
62%
Mitsubishi Eclipse
55%
Datsun 240Z
39%
Toyota MR2
36%
Mitsubishi 3000GT
25%
Aucun quiz correspondant
Distribution des résultats
% des personnes avec chaque résultat
Percentile par nombre de réponses
Votre historique - résultats
Vous n’avez pas pris ce quiz